Loading...
Fine Arts - Visual Fine Arts | 1 | 7 | 0 | 3 | 85 | 73 | 129.38 | 0 | 8 |
Science - Chemistry | 2 | 5 | 0 | 1 | 80 | 59 | 83.71 | 3 | 7 |
Philosophy | 1 | 5 | 1 | 3 | 60 | 37 | 113.83 | 1 | 6 |
Science - Physics | 1 | 5 | 2 | 0 | 55 | 53 | 85.00 | 4 | 6 |
Social Science | 3 | 2 | 3 | 0 | 50 | 49 | 81.20 | 3 | 5 |
Science - Other Science | 4 | 0 | 3 | 0 | 45 | 21 | 53.50 | 2 | 4 |
Geography | 3 | 1 | 2 | 0 | 45 | 41 | 64.50 | 1 | 4 |
History - World History | 1 | 3 | 1 | 0 | 40 | 51 | 86.75 | 3 | 4 |
Literature - American Literature | 2 | 1 | 0 | 0 | 40 | 67 | 85.00 | 2 | 3 |
History - European History | 2 | 1 | 0 | 0 | 40 | 67 | 84.33 | 2 | 3 |
Religion | 0 | 4 | 0 | 0 | 40 | 76 | 115.00 | 0 | 4 |
Literature - European Literature | 0 | 3 | 0 | 1 | 30 | 120 | 137.67 | 1 | 3 |
Science - Biology | 2 | 1 | 2 | 0 | 30 | 61 | 84.67 | 3 | 3 |
History - American History | 0 | 3 | 1 | 0 | 25 | 107 | 122.67 | 0 | 3 |
Current Events | 2 | 0 | 1 | 0 | 25 | 51 | 63.50 | 1 | 2 |
Fine Arts - Auditory Fine Arts | 0 | 4 | 3 | 1 | 25 | 90 | 116.75 | 0 | 4 |
History - Ancient History | 0 | 3 | 1 | 1 | 25 | 128 | 137.00 | 0 | 3 |
Literature - World Literature | 0 | 2 | 0 | 0 | 20 | 107 | 112.00 | 1 | 2 |
Literature - British Literature | 1 | 2 | 3 | 0 | 20 | 78 | 111.33 | 0 | 3 |
Mythology | 0 | 1 | 0 | 1 | 10 | 147 | 147.00 | 1 | 1 |
Other Academic | 0 | 1 | 1 | 0 | 5 | 97 | 97.00 | 1 | 1 |